000 01138cam a22003377a 4500
003 CHAP
005 20251127121749.0
008 971010s1985 r 00010 d
010 _a65403
011 _a66375
035 _a74486
040 _cCHAP
090 _aTesis
100 1 0 _aLiahut Atzin, Rosa Patricia
_966612
245 1 3 _aEl sistema agroindustrial vainilla (Vainilla planifolia A.) en México
260 _aChapingo, Méx. :
_bEl autor,
_c1985
300 _a84 h.
_b; gráfs.
502 _aTesis (Ing. Agr. Esp. en Industrias Agrícolas) -- UACH. Departamento de Industrias Agrícolas
590 _aALEPH
_b10
_c20130110
_lUCH01
_h1356
590 _aBATCH-UPD
_b10
_c20130110
_lUCH01
_h0406
590 _aCONVERSION
_b10
_c20130109
_lUCH01
_h1336
650 1 4 _aVainilla.
_9117192
650 1 4 _aVainilla
_xIndustria.
_9117204
901 _aBK
942 _cFOLL
949 _bBC
_cTES
_d-82264
_eTS1
_h17123
_i74486
_si
949 _bBC
_cTES
_d-82266
_eTS2
_fc.2
_h17124
_i74486
_si
949 _bCR
_cTESBD
_d-5721
_eTS1
_h21
_i74486
_si
949 _bIA
_cTESBD
_d-65337
_eTS2
_fc.2
_i74486
_si
949 _bIA
_cTESBD
_d-7356
_eTS1
_i74486
_si
999 _c65403
_d65403